000 02551cam a2200337 i 4500
001 768714001
003 CO-MdFUSB
005 20220407081524.0
007 ta
008 080317t2008 miu b 001 0 eng
020 _a9780802862785
040 _aDLC
_beng
_cCO-MdFUSB
_dBTCTA
_dBAKER
_dYDXCP
_dC#P
_dBWX
_dCDX
_dVP@
_dLNT
_dGEBAY
_dUKM
_dCUD
_dOCLCQ
_dBDX
_dSGB
_dOCLCA
_dOCLCQ
_dOCLCA
_dOCLCQ
_dCHVBK
_dDEBBG
_dOCLCQ
_dS3O
_dOCLCQ
_dDHA
_dOCLCQ
_dXBE
_dOCLCA
_dOCLCF
_dOCLCO
_dUKMGB
_dOCLCQ
_dOCLCA
_dJRR
_erda
041 _aeng
082 _223
_a227.012
_bC537
100 1 _aChilds, Brevard S.
_eautor
245 1 4 _aThe church's guide for reading Paul :
_bthe canonical shaping of the Pauline Corpus
_c/ Brevard S. Childs.
264 1 _aGrand Rapids, Mich. :
_bWm. B. Eerdmans Publishing Company,
_c[2008]
264 4 _c© 2008
300 _a276 páginas ;
_c23 cm.
336 _atexto
_btxt
_2rdacontent.
337 _asin mediación
_bn
_2rdamedia.
338 _avolumen
_bnc
_2rdacarrier.
504 _aIncluye referencias bibliográficas e índices.
505 _aLa búsqueda de la teología de Pablo -- Propuestas alternativas para el problema de la interpretación -- La conformación del corpus paulino -- Sondeos exegéticos : introducción y orientaciones -- El encuadre canónico del corpus paulino -- Implicaciones teológicas del corpus paulino para la interpretación.
520 _aBrevard Childs vuelve aquí su agudo ojo académico a las obras del apóstol Pablo y presenta un argumento inusual: el Nuevo Testamento fue moldeado canónicamente, su formación fue un ejercicio hermenéutico en el que sus apóstoles anónimos y editores posapostólicos recopilaron, preservaron y moldearon teológicamente el material. para que las tradiciones evangélicas sirvan a las sucesivas generaciones de cristianos. Childs sostiene que dentro del Nuevo Testamento el corpus paulino se erige como una unidad respaldada por Romanos y las Epístolas Pastorales. Asigna un papel introductorio a Romanos, examinando cómo pone en contexto las contingencias de las primeras cartas de Pablo sin sacrificar su particularidad. En el otro extremo, las Epístolas Pastorales sirven como una valorización final de Pablo como modelo doctrinal de la iglesia. Al considerar las obras de Paul como un todo, Childs ofrece una forma de obtener una comprensión más completa de las cartas individuales.
563 _aRústico
630 7 _aBiblia.
_pEpístolas Paulinas
_xCrítica, interpretación, etc.
942 _cBK
945 _aJTF-925
999 _c67526
_d67526